Civil trial in Pakistan (Record no. 80511)
[ view plain ]
| 000 -LEADER | |
|---|---|
| fixed length control field | 00406nam a2200169Ia 4500 |
| 001 - CONTROL NUMBER | |
| control field | 70040 |
| 008 - FIXED-LENGTH DATA ELEMENTS--GENERAL INFORMATION | |
| fixed length control field | 151205s9999||||xx |||||||||||||| ||und|| |
| 020 ## - INTERNATIONAL STANDARD BOOK NUMBER | |
| International Standard Book Number | NA |
| 040 ## - CATALOGING SOURCE | |
| Transcribing agency | PK-LaUMT |
| 082 ## - DEWEY DECIMAL CLASSIFICATION NUMBER | |
| Classification number | 346.0026 |
| Item number | KHA-C |
| 100 ## - MAIN ENTRY--PERSONAL NAME | |
| Personal name | Khalid, A. D. |
| 245 ## - TITLE STATEMENT | |
| Title | Civil trial in Pakistan |
| Statement of responsibility, etc | Khalid, A. D. |
| 260 ## - PUBLICATION, DISTRIBUTION, ETC. (IMPRINT) | |
| Place of publication, distribution, etc | Lahore,Pakistan: |
| Name of publisher, distributor, etc | C.C.L. Publisers, |
| Date of publication, distribution, etc | 2012 |
| 300 ## - PHYSICAL DESCRIPTION | |
| Extent | 189 p. |
| 546 ## - LANGUAGE NOTE | |
| Language note | EN |
| 942 ## - ADDED ENTRY ELEMENTS (KOHA) | |
| Koha item type | Books |
| Withdrawn status | Lost status | Damaged status | Not for loan | Home library | Current library | Date acquired | Total Checkouts | Full call number | Barcode | Date last seen | Price effective from | Koha item type |
|---|---|---|---|---|---|---|---|---|---|---|---|---|
| UMT Main Campus | UMT Main Campus | 2015-12-04 | 346.0026 KHA-C | 96517 | 2015-12-05 | 2015-12-05 | Books |
